Familia historia y cultura /

Detalles Bibliográficos
Autor principal: Arregui Zamorano, Pilar
Otros Autores: Alva Rodrg̕uez, Inmaculada, Tavares D’Oliveira, Madalena
Formato: eBook
Lenguaje:español
Publicado: Madrid: Dykinson, 2017
Materias:
Acceso en línea:Acceso restringido

MARC

LEADER 00000nam a22000007a 4500
005 20180402212958.0
007 cr|||| ||||
008 180402s2017 es |||||s|||| 00||0 spa d
020 |a 978-84-9148-412-7 
035 |a 21307 
040 |a vLex 
090 |c 7634  |d 7634 
100 1 |a Arregui Zamorano, Pilar 
245 1 0 |a Familia  |h [Recurso electrn̤ico] :  |b historia y cultura /  |c Pilar Arregui Zamorano, Inmaculada Alva Rodrg̕uez, Madalena Tavares D’Oliveira 
256 |a Servicio en ln̕ea 
260 |a Madrid:  |b Dykinson,  |c 2017 
300 |a 1 recurso electrn̤ico 
500 |a A lo largo de la historia, la familia se ha presentado como una institucin̤ fundamental para la organizacin̤ social y para la vida del individuo. De modo general, tanto su funcin̤ externa como su organizacin̤ interna han ido adquiriendo, en las diferentes etapas histr̤icas, matices especf̕icos acordes con la evolucin̤ de las ml︢tiples facetas de la realidad –social, econm̤ica, cultural, etcťera–. El objetivo de este libro es comprender el papel de la familia, as ̕como sus transformaciones y la naturaleza de los ms̀ recientes debates, desde una perspectiva histr̤ica. Esta perspectiva, no solo ofrece un conocimiento ms̀ acotado del recorrido, funciones y caracters̕ticas de la familia, sino que permite, desde diferentes puntos de vista, arrojar luz sobre lo que la familia tiene de esencial y fundamental para la organizacin̤ social y para la vida de cada individuo, en un momento en que est ̀siendo objeto de tantos debates . Los distintos especialistas que han colaborado en este volumen han aportado esa mirada interdisciplinar que permita descubrir lo que define en esencia la realidad social de la familia. Algunas de las aportaciones tienen un carc̀ter marcadamente histr̤ico reflexionando sobre aspectos de la familia en el mundo medieval y moderno. Otras han centrado la mirada en la imagen ofrecida de la familia desde el arte y la literatura. Por l︢timo, no ha faltado la mirada contemporǹea para comprender, tanto desde el punto de vista jurd̕ico como histr̤ico, lo que es la familia hoy. 
506 1 |a Disponible solo en los productos indicados  |d vLex Global  |d vLex Global (Academic Edition, excluding Law Schools)  |d vLex Global (U.S. Academic Edition, Law Schools)  |d vLex Global (U.S. Academic Edition, excluding Law Schools)  |d vLex Global (Academic Edition, Law Schools) 
650 0 4 |a Derecho Civil  |z Espaą 
650 0 4 |a Familia y Sucesiones  |z Espaą 
700 1 |a Alva Rodrg̕uez, Inmaculada 
700 1 |a Tavares D’Oliveira, Madalena 
740 0 |a vLex Libros (Servicio en ln̕ea) 
856 4 0 |u http://vlex.com/source/familia-historia-y-cultura-21307  |z Acceso restringido 
942 |c BOOK 
999 0 |a Civil Law 
999 0 |a Family and Successions